MDQL
is popping MORE tags! Check the
thread
!
Quizzes
Events
Quiz Creation
Community
Videos
Private Events
Remove Ads
Sign In
Join for FREE
Feedback
Dark Mode
Quiz Categories
Sports
Geography
Music
Movies
Television
Just For Fun
Miscellaneous
History
Literature
Language
Science
Gaming
Entertainment
Religion
Holiday
For Kids
Quiz Lab
Recent
Popular Today
Quiz Kudos Today
Editor Picks
Curator Picks
Quizzes by...
Day
Popularity
Type
Ratings
Length
Year
Community
Subscriptions
Recent Discussions
Orange Saloon
Badges
Playlists
Quests
Create
Leaderboards
Showdown
Live 5
Trivia Bingo
Activity
Puzzle Library
Sporcle Events
Private Events
Virtual Trivia
Globe League
Become a Host
Pub Owners
SporcleCon
Opinionation
Our Games
Videos
Blog
Mobile Apps
Partnerships
Remove Ads and Go Orange
Feedback
Music
Pop Music
The Beatles
Song
Album
Lyrics
Bands
Singers
Artist
Clip
Rock
Rap
Classical
Billboard
Country Music
Kpop
Taylor Swift
Music
Pop Music
The Beatles
Song
Album
Lyrics
Bands
Singers
Artist
Clip
Rock
Rap
Classical
Billboard
Country Music
Kpop
Taylor Swift
Random Quiz
Search Sporcle
×
Quiz Lab
Quiz Lab
Music
Song
Type in answers that appear in a list
Type in answers that appear in a list
Classic
Best Score? Go Orange.
Figure Out the Beatles Lyrics #1 Stats
Can you name the lyrics to this mystery Beatles song with no clues?
By
mattrd08
8m
165 Questions
1,818 Plays
1,818 Plays
1,818 Plays
Comments
Comments
Give Quiz Kudos
Give Quiz Kudos
-
- Ratings
hide this ad
Replay
Link that replays current quiz
Next Quiz
Link to next quiz in quiz playlist
You Got
0%
They Got
Avg Score
66%
Avg Friend Score
Upgrade to see
Score Distribution
Jump to the score distribution portion of the page
Score
0/165
Timer
08:00
0
Plays Today
% Correct
a
97.1%
a
97.1%
a
97.1%
and
97.1%
the
97.1%
a
97.1%
a
97.1%
a
97.1%
and
97.1%
the
97.1%
a
97.1%
you
93.9%
You
93.9%
you
93.9%
you
93.9%
you
93.9%
you
93.9%
me?
88.9%
me
88.9%
me?
88.9%
he
87.3%
he
87.3%
he
87.3%
he
87.3%
to
85.4%
to
85.4%
to
85.4%
in
83.1%
in
83.1%
is
82.2%
is
82.2%
be
79.4%
it
77.4%
for
77%
for
77%
for
77%
for
77%
can
76.5%
can
76.5%
your
76.2%
your
76.2%
your
76.2%
what
76.1%
what
76.1%
what
76.1%
where
73.5%
where
73.5%
of
72.2%
of
72.2%
know
70.8%
know
70.8%
see
70.7%
see
70.7%
all
69.9%
all?
69.9%
% Correct
all
69.9%
all
69.9%
all
69.9%
all
69.9%
at
69.7%
at
69.7%
at
69.7%
don't
68.9%
don't
68.9%
don't
68.9%
don't
68.9%
you're
68%
you're
68%
not
67%
not
67%
his
66.6%
his
66.6%
his
66.6%
his
66.6%
his
66.6%
his
66.6%
have
65.9%
have
65.9%
like
65.7%
like
65.7%
Man
63.8%
Man
63.8%
Man
63.8%
Man
63.8%
Man
63.8%
Man
63.8%
Man
63.8%
Man
63.8%
as
63.5%
as
63.5%
going
59.9%
going
59.9%
He's
59.6%
he's
59.6%
He's
59.6%
he's
59.6%
He's
59.6%
world
58.6%
world
58.6%
real
56.9%
real
56.9%
Just
56.6%
Nowhere
56.5%
nowhere
56.5%
nowhere
56.5%
Nowhere
56.5%
Nowhere
56.5%
Nowhere
56.5%
Nowhere
56.5%
Nowhere
56.5%
% Correct
Nowhere
56.5%
Nowhere
56.5%
nowhere
56.5%
nowhere
56.5%
nowhere
56.5%
nowhere
56.5%
wants
56.4%
please
56.1%
please
56.1%
land
54.9%
Isn't
54.9%
isn't
54.9%
land
54.9%
Doesn't
54.3%
Doesn't
54.3%
time
54.2%
nobody
54%
nobody
54%
nobody
54%
nobody.
54%
Knows
53.5%
knows
53.5%
listen
53.1%
listen
53.1%
missing
52.7%
missing
52.7%
plans
52.6%
plans
52.6%
plans
52.6%
plans
52.6%
Making
52.3%
Making
52.3%
Making
52.3%
Making
52.3%
bit
52%
bit
52%
Sitting
51.2%
Sitting
51.2%
Take
51%
point
50.6%
point
50.6%
command
50.6%
command
50.6%
view
50.5%
view
50.5%
sees
47.9%
worry
46.7%
hurry
45.6%
blind
44.5%
hand
44%
somebody
36.8%
lends
34.7%
else
34.3%
till
33.4%
Leave
30.2%
Quiz Playlist
Details
Report
Send in Message
Add To Playlist
Classic:
Type in answers that appear in a list
Last Updated: Feb 16, 2017
Quiz Scoreboard
CHALLENGE
Sign Up to Join the Scoreboard
Show All
Scores
Hide
Comments
May contain spoilers
Recently Published
Holiday 10x10 Sorting Gallery
by lukepisani3
Holiday
15m
Two Season TV Shows II
by 123Four
Television
10m
Image Sorting: Flags VI
by Barbecue
Geography
2m
More to Explore
Quiz From the Vault
Featured Blog Post
14 Easter Pick-up Lines to Find Eggs With
hide this ad
You Might Also Like...
Tags
Song Quiz
Mystery
Today's Top Quizzes in Music
Browse Music
hide this ad
Today's Top Quizzes in Song
Browse Song
Top Contributed Quizzes in Music
1
5X2 Blitz: Bands II
2
Taylor Swift All Songs (2024)
3
5X2 Blitz: The Beatles
4
5X2 Blitz: Billboard
5
Music Artist by Three 2010s hits
6
5X2 Blitz: Billboard II
7
5X2 Blitz: Album
8
5X2 Blitz: Rock
9
5X2 Blitz: Singers
10
5X2 Blitz: Lyrics
Explore More
Trending Topics
Harry Potter
Kpop
Crossword
NBA
Marvel
Disney
Anime
WWE
Soccer
Pokémon
NFL
Song
Country
The Office
Puzzle
hide this ad
More By:
mattrd08
Quiz
Plays
Rating
Category
Featured
Created
Name the Video Game
351,481
4.10
Gaming
Jul 1, 2009
High School Movies
206,140
4.03
Movies
May 12, 2009
Final Fantasy VII Party Members
69,692
3.43
Gaming
May 15, 2009
Survivor Most Confessionals
2,642
5.00
Television
Jan 26, 2013
Survivor: Most immunity wins
2,562
3.00
Television
Apr 24, 2011
Go to Creator's Profile
Score Distribution
Quiz Creator Spotlight
mattrd08
Follow
Send a Message
Quizzes Created
-
Created Quiz Play Count
-
More By This Creator
Popular Quizzes Today
1
Find the US States - No Outlines Minefield
2
Colored Red Africa Blitz
3
Find the 'City' Movie
4
The Countries of the World
5
Find the US States
6
5x2 Blitz: Bands
7
Find the Countries of Europe - No Outlines Minefield
8
US States
More Music Quizzes
Ho Ho Ho!
Editor's Pick
Trending Quizzes
Colored Red Europe Blitz I
Colored Red Europe Blitz II
Colored Red Africa Blitz II
Colored Red Europe Blitz III
Colored Red Africa Blitz III
Recently Updated
Odd Team Out - Big 4 Players
pecheneg
Quick Pick: 20 Twenties
pecheneg
March Madness Men's Triple Doubles
pecheneg
How Do You Spell That?
pecheneg
Godzilla Movies
pecheneg
Grab Bag: 4-10 Letters
pecheneg
2024 March Madness Bracket
pecheneg
Famous TV Couples
Peacemaker
Champions League XIs: Real Madrid
pecheneg
Largest US Cities 1790-2010
pecheneg
Trending Topics
Kpop
NBA
Crossword
Marvel
Harry Potter
Anime
Disney
Country
WWE
NFL
The Office
Song
Puzzle
Soccer
Pokémon
Your Account Isn't Verified!
In order to create a playlist on Sporcle, you need to verify the email address you used during registration. Go to your
Sporcle Settings
to finish the process.
Report this User
Report this user for behavior that violates our
Community Guidelines
.
Details:
Send Report
Go to the Sporcle.com Mobile Site →
Comments